| 000 | 01194nam0a2200349 4500 | ||
|---|---|---|---|
| 001 | RU\NLR\BIBL_A\012233968 | ||
| 005 | 20200313112952.0 | ||
| 010 |
_a978-5-386-12825-8 _92000 |
||
| 021 |
_aRU _bКН-П-20-002222 _9КН-П-20-0152 |
||
| 035 | _a(NLR Aleph) 012233968 | ||
| 035 | _a(RuMoRGB)010233173 | ||
| 090 |
_a11000151 _c11000151 |
||
| 100 | _a20200302d2020 u y0rusy50 ca | ||
| 101 | 1 |
_arus _ceng |
|
| 102 | _aRU | ||
| 105 | _a||||zzzz0||ay | ||
| 181 | 0 |
_ai _baxxe |
|
| 182 | 0 | _an | |
| 200 | 1 |
_aУжас Амитивилля _fДжей Энсон _g[перевел с английского Е. Д. Фельдман] |
|
| 203 |
_aТекст _bвизуальный _cнепосредственный |
||
| 210 |
_aМосква _cРИПОЛ классик _aСанкт-Петербург _cПальмира _d2020 |
||
| 215 |
_a285, [2] с. _d18 |
||
| 225 | 1 | _aPocket&Travel | |
| 333 | _a16+ | ||
| 686 | 1 | _aШ6(7США)67-445(Лх1979-62) | |
| 700 | 1 |
_aЭнсон _bД. _f1921-1980 _gДжей _3RU\NLR\AUTH\770209884 |
|
| 942 | _cBOOK | ||
| 980 | _aNBR | ||
| 980 | _aNB | ||